[Event "SWE-chT 9899"]
[Site "Sweden"]
[Date "1998.??.??"]
[Round "5"]
[White "Eriksson, Mats"]
[Black "Akesson, Ralf"]
[Result "0-1"]
[WhiteElo "2260"]
[BlackElo "2505"]
[PlyCount "98"]
[EventDate "1998.??.??"]
[EventType "team"]
[EventRounds "11"]
[EventCountry "SWE"]
[SourceTitle "EXT 2000"]
[Source "ChessBase"]
[SourceDate "1999.11.16"]
[SourceVersion "1"]
[SourceVersionDate "1999.11.16"]
[SourceQuality "1"]

1. e4 c5 2. c3 d5 3. exd5 Qxd5 4. d4 Nf6 5. Nf3 e6 6. Bd3 Nc6 7. 0-0 Be7 8. c4 Qd8 9. dxc5 Bxc5 10. a3 0-0 11. b4 Be7 12. Bb2 b6 13. Qe2 Bb7 14. Nbd2 a5 15. b5 Nb8 16. Ne5 Nbd7 17. f4 Nc5 18. Bc2 Qc7 19. Ng4 Nxg4 20. Qxg4 f6 21. Rae1 Rad8 22. Nf3 Rf7 23. Re3 f5 24. Qh5 Bxf3 25. Rfxf3 Rd2 26. Rh3 h6 27. Be5 Bd6 28. Re2 Rxe2 29. Qxe2 Bxe5 30. fxe5 Qd8 31. Rf3 Rd7 32. Rf2 Qg5 33. Qe1 Rd4 34. Qc3 Qh4 35. h3 Rxc4 36. Qd2 Qd4 37. Qe2 Rxc2 38. Qxc2 Ne4 39. Kf1 Nxf2 40. Qxf2 Qa1+ 41. Qe1 Qxa3 42. Qd2 Qc5 43. Qd7 Qc4+ 44. Kf2 a4 45. Qc6 Qd4+ 46. Kf3 Kf7 47. Qb7+ Kg6 48. Qc6 Qd5+ 49. Kf4 a3 0-1

[Event "SWE-ch qualA"]
[Site "Ronneby"]
[Date "1998.??.??"]
[Round "?"]
[White "Eriksson, Mats"]
[Black "Karlsson, Tomas"]
[Result "1-0"]
[WhiteElo "2260"]
[BlackElo "2190"]
[PlyCount "37"]
[EventDate "1998.??.??"]
[EventType "tourn"]
[EventRounds "13"]
[EventCountry "SWE"]
[SourceTitle "EXT 2000"]
[Source "ChessBase"]
[SourceDate "1999.11.16"]
[SourceVersion "1"]
[SourceVersionDate "1999.11.16"]
[SourceQuality "1"]

1. e4 g6 2. d4 Bg7 3. Nc3 c5 4. dxc5 Qa5 5. Bd2 Qxc5 6. Nd5 Na6 7. Nf3 b6 8. b4 Qd6 9. Bf4 Bc3+ 10. Ke2 Qc6 11. Nxc3 Qxc3 12. Be5 Qc4+ 13. Ke3 Qe6 14. Bxh8 Bb7 15. Qd4 Rc8 16. Bb5 f6 17. Rhd1 Nb8 18. Nd2 Nc6 19. Qc4 1-0

[Event "SWE-ch qualA"]
[Site "Ronneby"]
[Date "1998.??.??"]
[Round "?"]
[White "Eriksson, Mats"]
[Black "Nordstrom, Felix"]
[Result "1-0"]
[WhiteElo "2260"]
[BlackElo "2165"]
[PlyCount "71"]
[EventDate "1998.??.??"]
[EventType "tourn"]
[EventRounds "13"]
[EventCountry "SWE"]
[SourceTitle "EXT 2000"]
[Source "ChessBase"]
[SourceDate "1999.11.16"]
[SourceVersion "1"]
[SourceVersionDate "1999.11.16"]
[SourceQuality "1"]

1. e4 e6 2. d4 d5 3. Nd2 dxe4 4. Nxe4 Nd7 5. Bd3 Ngf6 6. Qe2 Nxe4 7. Bxe4 c5 8. d5 e5 9. f4 Bd6 10. fxe5 Nxe5 11. Nf3 0-0 12. Nxe5 Bxe5 13. 0-0 f5 14. Bf3 Qc7 15. g3 c4 16. c3 Bd7 17. Be3 Rae8 18. Rae1 f4 19. gxf4 Bxf4 20. Qf2 b6 21. Bxf4 Qxf4 22. Rxe8 Bxe8 23. Bg2 Qd6 24. Qxf8+ Qxf8 25. Rxf8+ Kxf8 26. Kf2 Ke7 27. Ke3 Kd6 28. Kd4 b5 29. b3 cxb3 30. axb3 a5 31. c4 bxc4 32. bxc4 g5 33. c5+ Kc7 34. d6+ Kd7 35. Ke5 a4 36. c6+ 1-0

[Event "SWE-ch qualA"]
[Site "Ronneby"]
[Date "1998.??.??"]
[Round "?"]
[White "Lind, Jan Olov"]
[Black "Eriksson, Mats"]
[Result "0-1"]
[WhiteElo "2310"]
[BlackElo "2260"]
[PlyCount "80"]
[EventDate "1998.??.??"]
[EventType "tourn"]
[EventRounds "13"]
[EventCountry "SWE"]
[SourceTitle "EXT 2000"]
[Source "ChessBase"]
[SourceDate "1999.11.16"]
[SourceVersion "1"]
[SourceVersionDate "1999.11.16"]
[SourceQuality "1"]

1. Nf3 d5 2. g3 Nf6 3. Bg2 Bf5 4. 0-0 h6 5. d3 e6 6. e3 Be7 7. Nbd2 0-0 8. Qe2 c5 9. e4 Bh7 10. Ne5 Qc7 11. f4 Nc6 12. Nxc6 Qxc6 13. e5 Nd7 14. Kh1 f6 15. exf6 Bxf6 16. Nf3 b5 17. g4 Rae8 18. g5 hxg5 19. fxg5 Bd8 20. Nh4 Rxf1+ 21. Qxf1 Ne5 22. Qe2 Ng6 23. Nxg6 Bxg6 24. h4 Qd6 25. Be3 Bc7 26. Bg1 Kf7 27. Qf2+ Bf5 28. Qxc5 Qg3 29. Qf2 Qg4 30. Bh2 Bxh2 31. Kxh2 Rh8 32. Rh1 Rxh4+ 33. Kg1 Qd1+ 34. Qf1 Rxh1+ 35. Kxh1 Qh5+ 36. Kg1 Qxg5 37. Qf2 Kg6 38. b3 Bh3 39. c4 bxc4 40. dxc4 Bxg2 0-1

[Event "SWE-ch qualB"]
[Site "Haninge"]
[Date "1997.??.??"]
[Round "4"]
[White "Eriksson, Mats"]
[Black "Eriksson, Johan"]
[Result "0-1"]
[WhiteElo "2250"]
[BlackElo "2315"]
[PlyCount "86"]
[EventDate "1997.??.??"]
[EventType "tourn"]
[EventRounds "13"]
[EventCountry "SWE"]
[SourceTitle "EXT 1999"]
[Source "ChessBase"]
[SourceDate "1998.11.16"]
[SourceVersion "1"]
[SourceVersionDate "1998.11.16"]
[SourceQuality "1"]

1. e4 c5 2. c3 Nf6 3. e5 Nd5 4. d4 cxd4 5. Nf3 Nc6 6. Bc4 Nb6 7. Bb3 g6 8. Ng5 d5 9. exd6 e6 10. cxd4 Qxd6 11. Be3 Bg7 12. Nf3 0-0 13. 0-0 Rd8 14. Nc3 h6 15. Qd3 Bd7 16. Rad1 Kh7 17. Rfe1 Rac8 18. h4 Nb4 19. Qe2 N6d5 20. Ne5 Be8 21. Ne4 Qe7 22. h5 g5 23. a3 Nxe3 24. Qxe3 Nc6 25. Nc3 Nxe5 26. dxe5 Rxd1 27. Rxd1 Rc5 28. Qd3+ Kg8 29. Qd8 Kf8 30. Ba4 Rxe5 31. Bxe8 Re1+ 32. Kh2 Rxd1 33. Qxd1 Kxe8 34. Qd3 f5 35. g3 Qf7 36. Kg1 Qd7 37. Qc4 Kf7 38. Kh2 Kg8 39. Qb4 Qd4 40. Qxd4 Bxd4 41. Nd1 e5 42. g4 Kf7 43. Kg2 Ke6 0-1